000 00577cam a22002171 4500
001 sa 68007916
003 DLC
005 20260227112526.0
008 881028s1968 xx 000 0 beno
010 _asa 68007916
035 _a(OCoLC)23574747
040 _aDLC
_cMiU
_dDLC
042 _apremarc
050 0 0 _aPK1701
_b.N85
100 2 _aNūraula Isalāma, Mustāphā,
_d1927-
245 1 0 _aMusalima Bāṃlā sāhitya.
260 _c[1968]
300 _a138 p.
_c23 cm.
500 _aRomanized.
650 0 _aBengali literature
_xMuslim authors
_xHistory and criticism.
999 _c82104
_d82104